000 00682nam a22001935i 4500
001 164001
003 ES-MaACL
005 20251014063236.0
008 050816s1865 fr | |||||||| ||fre d
040 _aCAM
_bspa
_cCAM
100 1 _aRougé, Emmanuel,
_cVicomte de
_9132094
245 1 0 _aNotice sommaire des monuments égyptiens exposés dans les galeries du Musée du Louvre /
_cpar le Vicomte Emmanuel de Rougé.
250 _a4e éd.
260 _aParis :
_bCharles de Mourgues Frères,
_c1865.
300 _a130 p. ;
_c19 cm.
610 2 _aMusée du Louvre.
_bMonumentos egipcios.
_9134703
852 _aES-MaACL
_jD-1802
_z-- Enc. hol.
999 _c164001
_d164001